Downstream product innovation and upstream supply chain implications /

Bibliographic Details
Main Authors: Graham, Gary, (Author), Wagner, Beverly, (Author)
Format: eBook
Language:English
Published: Bradford : Emerald Publishing Limited, [2022]
Subjects:
Online Access:Click to View
LEADER 01427nam a2200385 i 4500
001 EBC6961006
003 MiAaPQ
005 20221126083859.0
006 m o d |
007 cr cnu||||||||
008 221126s2022 enk o 000 0 eng d
020 |a 9781803827988  |q (electronic bk.) 
035 |a (MiAaPQ)EBC6961006 
035 |a (Au-PeEL)EBL6961006 
035 |a (OCoLC)1313897990 
040 |a MiAaPQ  |b eng  |e rda  |e pn  |c MiAaPQ  |d MiAaPQ 
050 4 |a HD38.5  |b .G734 2022 
082 0 |a 658.7  |2 23 
100 1 |a Graham, Gary,  |e author. 
245 1 0 |a Downstream product innovation and upstream supply chain implications /  |c Gary Graham and Beverly Wagner. 
264 1 |a Bradford :  |b Emerald Publishing Limited,  |c [2022] 
264 4 |c Ã2022 
300 |a 1 online resource (193 pages) 
336 |a text  |b txt  |2 rdacontent 
337 |a computer  |b c  |2 rdamedia 
338 |a online resource  |b cr  |2 rdacarrier 
588 |a Description based on print version record. 
590 |a Electronic reproduction. Ann Arbor, MI : ProQuest, 2018. Available via World Wide Web. Access may be limited to ProQuest affiliated libraries. 
650 0 |a Business logistics. 
650 0 |a Management. 
650 0 |a Production management. 
655 4 |a Electronic books. 
700 1 |a Wagner, Beverly,  |e author. 
797 2 |a ProQuest (Firm) 
856 4 0 |u https://ebookcentral.proquest.com/lib/matrademy/detail.action?docID=6961006  |z Click to View